00454 a2200157 4500000002100000001000700021005001700028008004100045020001800086082001800104100002400122245009200146260003900238300001000277630000900287BKB 13862920200902153518.0  a9780230277823 a320.011bW67O1 aWilliams, Huw Lyoyd1 aOn rawls development and global justice : the freedom of peoplescby Huw Lyoyd Williams aNew YorkbPalgrave Macmillanc2011 a242p. aPPLG